<?xml version="1.0" encoding="UTF-8"?><?xml-stylesheet type="text/xsl" href="static/style.xsl"?><OAI-PMH xmlns="http://www.openarchives.org/OAI/2.0/" xmlns:xsi="http://www.w3.org/2001/XMLSchema-instance" xsi:schemaLocation="http://www.openarchives.org/OAI/2.0/ http://www.openarchives.org/OAI/2.0/OAI-PMH.xsd"><responseDate>2026-04-27T12:55:06Z</responseDate><request verb="GetRecord" identifier="oai:uvadoc.uva.es:10324/36243" metadataPrefix="marc">https://uvadoc.uva.es/oai/request</request><GetRecord><record><header><identifier>oai:uvadoc.uva.es:10324/36243</identifier><datestamp>2021-06-29T23:33:03Z</datestamp><setSpec>com_10324_38</setSpec><setSpec>col_10324_852</setSpec></header><metadata><record xmlns="http://www.loc.gov/MARC21/slim" xmlns:doc="http://www.lyncode.com/xoai" xmlns:xsi="http://www.w3.org/2001/XMLSchema-instance" xmlns:dcterms="http://purl.org/dc/terms/" xsi:schemaLocation="http://www.loc.gov/MARC21/slim http://www.loc.gov/standards/marcxml/schema/MARC21slim.xsd">
<leader>00925njm 22002777a 4500</leader>
<datafield tag="042" ind1=" " ind2=" ">
<subfield code="a">dc</subfield>
</datafield>
<datafield tag="720" ind1=" " ind2=" ">
<subfield code="a">Rodríguez-Rabadán Mateos-Aparicio, Carlos</subfield>
<subfield code="e">author</subfield>
</datafield>
<datafield tag="260" ind1=" " ind2=" ">
<subfield code="c">2019</subfield>
</datafield>
<datafield tag="520" ind1=" " ind2=" ">
<subfield code="a">El objetivo de este trabajo consiste en desarrollar la simulación de una célula robotizada con tres robots, de los cuales dos serán de manipulación y el tercero será un robot que trabaje sobre la pieza. Un robot cogerá de una mesa una pieza, cargada por un operario, y la depositará en el banco de trabajo sobre el que trabajará el segundo robot, mientras que el tercero se encargará de coger la pieza final y colocarla sobre un carro, el cual sacará de la instalación otro operario.&#xd;
Se llevará a cabo mediante el programa de simulación Roboguide, propiedad de FANUC, en el que podremos escoger el robot y la herramienta utilizada de una amplia variedad, y también desarrollar la parte de seguridad con la función DCS (Dual Safety Check).</subfield>
</datafield>
<datafield tag="024" ind2=" " ind1="8">
<subfield code="a">http://uvadoc.uva.es/handle/10324/36243</subfield>
</datafield>
<datafield ind1=" " ind2=" " tag="653">
<subfield code="a">Robótica</subfield>
</datafield>
<datafield ind1=" " ind2=" " tag="653">
<subfield code="a">Robots industriales</subfield>
</datafield>
<datafield ind1=" " ind2=" " tag="653">
<subfield code="a">Automatización</subfield>
</datafield>
<datafield ind1=" " ind2=" " tag="653">
<subfield code="a">Simulación por ordenador</subfield>
</datafield>
<datafield tag="245" ind1="0" ind2="0">
<subfield code="a">Desarrollo y aplicación industrial del software de seguridad de comprobación dual en un robot FANUC</subfield>
</datafield>
</record></metadata></record></GetRecord></OAI-PMH>